ბათუმის შოთა რუსთაველის სახელმწიფო უნივერსიტეტის ბიბლიოთეკა

ოქსიდაციური სტრესის როლი თავის ტვინის ნეიროდეგენერაციული დაზიანებების დროს და მისი მოდულაცია : დისერტაცია / (ბიბ.ჩანაწერი № 51749)

000 -ლიდერი
ფიქსირებული სიგრძის საკონტროლო ველი 01986nam a2200277Ia 4500
001 - საკონტროლო ნომერი
საკონტროლო ველი 18741
003 - საკონტროლო ნომრის იდენტიფიკატორი
საკონტროლო ველი GE_BSU
005 - ბოლო ოპერაციის თარიღი და დრო
საკონტროლო ველი 20220919170021.0
008 - ფიქსირებული სიგრძის მონაცემთა ელემენტები - ზოგადი ინფორმაცია
ფიქსირებული სიგრძის საკონტროლო ველი 181216s2013||||ge |||||||||||||| ||geo||
040 ## - კატალოგიზაციის წყარო
Transcribing agency GE_BSU
041 ## - ენის კოდი
Language code of text/sound track or separate title geo
080 ## - უნივერსალური ათობითი კლასიფიკაციის ინდექსი
Universal Decimal Classification number 61 დ-15
100 ## - მთავარი ჩანაწერი - პიროვნების სახელი
Personal name დავითაშვილი, დავით
9 (RLIN) 62
245 ## - ცნობა სათაურის შესახებ
Title ოქსიდაციური სტრესის როლი თავის ტვინის ნეიროდეგენერაციული დაზიანებების დროს და მისი მოდულაცია : დისერტაცია /
Statement of responsibility, etc დავით დავითაშვილი; სამეცნიერო ხელმძღვანელი თამარ სანიკიძე, ნატალია პავლიაშვილი; თბილისის სახელმწიფო სამედიცინო უნივერსიტტი.
264 ## - წარმოების, გამოცემის, დისტრიბუციის და სხვა ცნობები
გამოცემის, წარმოების, დისტრიბუციის... ადგილი თბილისი,
გამოცემის, წარმოების, დისტრიბუციის... თარიღი 2013.
300 ## - ფიზიკური აღწერა
Extent 167 გვ. ;
Other physical details 30 სმ.
653 ## - INDEX TERM--UNCONTROLLED
Uncontrolled term დისერტაცია
653 ## - INDEX TERM--UNCONTROLLED
Uncontrolled term მედიცინა
653 ## - INDEX TERM--UNCONTROLLED
Uncontrolled term ოქსიდაციური სტრესის როლი თავის ტვინის ნეიროდეგენერაციული დაზიანაბების დროს და მისი მოდულაცია
653 ## - INDEX TERM--UNCONTROLLED
Uncontrolled term ნევროლოგია
653 ## - INDEX TERM--UNCONTROLLED
Uncontrolled term გაფანტული სკლეროზი
700 ## - ADDED ENTRY--PERSONAL NAME
Personal name სანიკიძე, თამარ
Relator term სამეცნიერო ხელმძღვანელი
9 (RLIN) 11300
700 ## - ADDED ENTRY--PERSONAL NAME
Personal name პავლიაშვილი, ნატალია
Relator term სამეცნიერო ხელმძღვანელი
9 (RLIN) 11506
710 ## - ADDED ENTRY--CORPORATE NAME
Corporate name or jurisdiction name as entry element თბილისის სახელმწიფო სამედიცინო უნივერსიტტი.
9 (RLIN) 11507
942 ## - ADDED ENTRY ELEMENTS (KOHA)
Koha item type წიგნი
Source of classification or shelving scheme
ეგზემპლარები
ჩამოწერის სტატუსი დაკარგული ეგზემპლარის სტატუსი კლასიფიკაციის წყარო ან თაროზე გაწყობის სქემა დაზიანების სტატუსი არ გაიცემა მუდმივი მდებარეობა (დაცვის ადგილი) ამჟამინდელი ადგილსამყოფელი შეძენის თარიღი სრული შენახვის შიფრი შტრიხკოდი ბოლო ოპერაციის თარიღი ეგზემპლარის მიმდევრობითი ნომერი (კეტერი?) ფასის ძალაში შესვლის თარიღი ეგზემპლარის სახეობა
        შიდა ფონდი ბათუმის შოთა რუსთაველის სახელმწიფო უნივერსიტეტის მთავარი ბიბლიოთეკა ბათუმის შოთა რუსთაველის სახელმწიფო უნივერსიტეტის მთავარი ბიბლიოთეკა 2018-12-17 61 დ-15 172 დისერტ. 2018-12-17 172 2018-12-17 დისერტაცია